| Tag |
First Indicator |
Second Indicator |
Subfields |
| LEADER |
00000cam a2200000 a 4500 |
| 001 |
in00000972735 |
| 005 |
20150927111217.0 |
| 008 |
891101s1989 enka 00010aeng d |
| 010 |
|
|
|a gb 89046209
|
| 015 |
|
|
|a GB89-46209
|
| 020 |
|
|
|a 0947795642 :
|c £14.95
|
| 035 |
|
|
|a (OCoLC)20415273
|
| 035 |
|
|
|9 AEW0765AM
|
| 040 |
|
|
|a UKM
|c UKM
|d TXA
|d UtOrBLW
|
| 049 |
|
|
|a TXAM
|
| 082 |
0 |
4 |
|a 070/.92/4
|2 19
|
| 090 |
|
|
|a PN5213.P32
|b P32 1989
|
| 100 |
1 |
|
|a Peet, John,
|d 1915-1988.
|
| 245 |
1 |
4 |
|a The long engagement :
|b memoirs of a cold war legend /
|c John Peet ; with an introduction by Len Deighton.
|
| 264 |
|
1 |
|a London :
|b Fourth Estate,
|c 1989.
|
| 300 |
|
|
|a x, 242 pages, 8 unnumbered pages of plates :
|b illustrations, portraits ;
|c 24 cm.
|
| 336 |
|
|
|a text
|b txt
|2 rdacontent
|
| 337 |
|
|
|a unmediated
|b n
|2 rdamedia
|
| 338 |
|
|
|a volume
|b nc
|2 rdacarrier
|
| 600 |
1 |
0 |
|a Peet, John,
|d 1915-1988.
|
| 650 |
|
0 |
|a Journalists
|z Germany
|v Biography.
|
| 999 |
|
|
|a MARS
|
| 999 |
f |
f |
|s 99aec098-ac87-3de3-bd4e-80e623723dc2
|i 1b917262-bdec-3af2-a11e-42592ed706f8
|t 0
|
| 952 |
f |
f |
|p ric
|a Texas A&M University
|b Rellis Campus
|c Joint Library Facility
|d Remote Storage
|t 0
|e PN5213.P32 P32 1989
|h Library of Congress classification
|i unmediated -- volume
|m A14813485282
|
| 998 |
f |
f |
|a PN5213.P32 P32 1989
|t 0
|l Remote Storage
|